Представление документа в формате RUSMARC

ПолеНазваниеЗначение
  Тип записи a
  Библиографический уровень m
001 Контрольный номер RU/IS/BASE/522864999
005 Дата корректировки 20201206204439.9
010 Индекс ISBN __
d Цена 0-59
101 Язык документа __
a Язык текста rus
c Язык оригинала rus
200 Заглавие и сведения об ответственности 1_
a Заглавие В садах лицея
e Сведения, относящиеся к заглавию [для мл. шк. возраста]
f Первые сведения об ответственности Лев Рубинштейн ; [рис. А. Иткина]
b Общее обозначение материала Текст
210 Выходные данные __
a Место издания М.
c Издательство Дет. лит.
d Дата издания 1969
215 Физическое описание __
a Объем 205, [3] с.
c Иллюстрации/тип воспроизводства ил.
600 Персоналии __
a Персоналии (Фамилия) Пушкин, А. С.
g Полное имя Александр Сергеевич
601 Наименование организации как предмет __
a Наименование организации как предмет Царскосельский лицей
606 Тематические рубрики __
a Основная рубрика Художественная литература
z Хронологическая подрубрика 20 в.
y Географическая подрубрика Россия; СССР
606 Тематические рубрики __
a Основная рубрика Русская литература XX в. (произведения)
610 Ключевые слова __
a Ключевые слова советская литература; персоналии; биографическая проза; учебные заведения
686 Индексы других классификаций __
a Классификационный индекс 84(2Рос=Рус)6-4
700 Автор _1
a Фамилия Рубинштейн
b Имя Л. В.
g Полное личное имя Лев Владимирович
4 Код отношения 070
702 Вторичная интеллектуальная ответственность _1
a Фамилия Иткин
b Имя А.
4 Код отношения Художник
4 Код отношения 040
801 Источник записи _0
a Страна RU
b Организация Муниципальное бюджетное учреждение культуры "Централизованная библиотечная система" г. Сургут (Центральная городская библиотека им. А. С. Пушкина)
g Правила каталогизации КиК/Поспелова
801 Источник записи _1
a Страна RU
b Организация Муниципальное бюджетное учреждение культуры "Централизованная библиотечная система" г. Сургут (Центральная городская библиотека им. А. С. Пушкина)
g Правила каталогизации КиК/Поспелова
852 Данные о местонахождении __
j Шифр хранения 84(2Рос=Рус)6-4
c Каталожный индекс 84(2Рос=Рус)6-4
i Авторский знак Р 82
p Инвентарный номер 16005(с)
901 Тип документа 1_
t Тип документа m
903 Характеристики (МАРС) __
a Дата передачи 20061204
990 Данные о заказе (DOS) __
j Количество экземпляров (DOS) 1
t N записи в КСУ для И/У (DOS) ретро